[Event "Irena Warakomska Memorial A"]
[Site "Suwalki"]
[Date "2021.07.28"]
[Round "2"]
[White "Socko, Monika"]
[Black "Rudzinska, Michalina"]
[Result "1-0"]
[Board "9"]
[WhiteElo "2393"]
[WhiteTitle "GM"]
[WhiteCountry "POL"]
[WhiteFideId "1106619"]
[WhiteEloChange "6"]
[BlackElo "2238"]
[BlackTitle "WFM"]
[BlackCountry "POL"]
[BlackFideId "1172883"]
[BlackEloChange "-6"]

1. d4 {[%clk 1:30:56]} Nf6 {[%clk 1:30:51]} 2. c4 {[%clk 1:31:21]} e6 {[%clk
1:31:13]} 3. Nc3 {[%clk 1:31:45]} Bb4 {[%clk 1:31:33]} 4. e3 {[%clk 1:32:08]} O-O
{[%clk 1:31:46]} 5. Bd3 {[%clk 1:32:07]} d5 {[%clk 1:31:49]} 6. Ne2 {[%clk
1:32:04]} c5 {[%clk 1:31:30]} 7. O-O {[%clk 1:28:39]} cxd4 {[%clk 1:30:06]} 8.
exd4 {[%clk 1:29:04]} dxc4 {[%clk 1:26:49]} 9. Bxc4 {[%clk 1:29:26]} Nbd7 {[%clk
1:24:52]} 10. a3 {[%clk 1:17:45]} Be7 {[%clk 1:20:44]} 11. Bf4 {[%clk 1:13:22]}
Nb6 {[%clk 1:20:22]} 12. Bb3 {[%clk 1:13:12]} Bd7 {[%clk 1:15:21]} 13. Qd3 {[%clk
1:08:31]} Bc6 {[%clk 1:14:13]} 14. Bc2 {[%clk 1:05:04]} Qd7 {[%clk 1:09:33]} 15.
Be5 {[%clk 1:00:22]} g6 {[%clk 1:09:52]} 16. Rfd1 {[%clk 0:59:49]} Rfd8 {[%clk
1:07:51]} 17. Bb3 {[%clk 0:54:43]} Rac8 {[%clk 0:55:14]} 18. Qh3 {[%clk 0:49:08]}
Nbd5 {[%clk 0:46:57]} 19. Rd3 {[%clk 0:45:41]} Bf8 {[%clk 0:40:39]} 20. Qh4
{[%clk 0:35:37]} Qe7 {[%clk 0:39:53]} 21. Re1 {[%clk 0:27:39]} Bg7 {[%clk
0:26:43]} 22. Qh3 {[%clk 0:23:51]} Nh5 {[%clk 0:24:18]} 23. Bxd5 {[%clk 0:20:51]}
Bxd5 {[%clk 0:24:23]} 24. Nxd5 {[%clk 0:19:23]} Rxd5 {[%clk 0:24:25]} 25. Bxg7
{[%clk 0:16:16]} Kxg7 {[%clk 0:24:39]} 26. Qe3 {[%clk 0:16:36]} Qg5 {[%clk
0:12:29]} 27. f4 {[%clk 0:15:32]} Qh4 {[%clk 0:09:44]} 28. g3 {[%clk 0:15:17]}
Qg4 {[%clk 0:09:37]} 29. Nc3 {[%clk 0:14:36]} Rf5 {[%clk 0:09:46]} 30. Rf1 {[%clk
0:14:04]} Nf6 {[%clk 0:09:15]} 31. Qd2 {[%clk 0:12:15]} h5 {[%clk 0:08:45]} 32.
Qg2 {[%clk 0:09:56]} Ra5 {[%clk 0:06:19]} 33. Qxb7 {[%clk 0:09:37]} Rh8 {[%clk
0:04:32]} 34. Qf3 {[%clk 0:06:14]} Qf5 {[%clk 0:04:47]} 35. Re1 {[%clk 0:05:46]}
Rb8 {[%clk 0:01:10]} 36. Re5 {[%clk 0:03:27]} Rxe5 {[%clk 0:01:35]} 37. fxe5
{[%clk 0:03:33]} Qxf3 {[%clk 0:01:04]} 38. Rxf3 {[%clk 0:04:01]} Ng4 {[%clk
0:00:49]} 39. b4 {[%clk 0:03:09]} Rd8 {[%clk 0:00:42]} 40. h3 {[%clk 0:31:52]}
Nh6 {[%clk 0:31:02]} 41. Rd3 {[%clk 0:30:50]} f6 {[%clk 0:27:57]} 42. exf6+
{[%clk 0:28:54]} Kxf6 {[%clk 0:28:18]} 43. d5 {[%clk 0:24:01]} exd5 {[%clk
0:24:22]} 44. Rxd5 {[%clk 0:22:59]} Rxd5 {[%clk 0:10:47]} 45. Nxd5+ {[%clk
0:22:43]} Ke6 {[%clk 0:11:10]} 46. Nc7+ {[%clk 0:19:01]} Kd7 {[%clk 0:11:16]} 47.
Nb5 {[%clk 0:19:27]} a6 {[%clk 0:11:32]} 48. Nd4 {[%clk 0:18:12]} Nf7 {[%clk
0:11:34]} 49. Kf2 {[%clk 0:17:20]} Kd6 {[%clk 0:10:51]} 50. Ne2 {[%clk 0:13:50]}
Kd5 {[%clk 0:08:16]} 51. Ke3 {[%clk 0:13:42]} g5 {[%clk 0:07:25]} 52. Nc3+ {[%clk
0:11:36]} Kc4 {[%clk 0:07:43]} 53. Ne4 {[%clk 0:12:01]} Kb3 {[%clk 0:04:16]} 54.
Nc5+ {[%clk 0:11:50]} Kxa3 {[%clk 0:04:39]} 55. Nxa6 {[%clk 0:12:17]} Ka4 {[%clk
0:02:06]} 56. Ke4 {[%clk 0:12:37]} Kb5 {[%clk 0:00:48]} 57. Nc7+ {[%clk 0:12:53]}
Kxb4 {[%clk 0:01:12]} 58. Kf5 {[%clk 0:13:21]} Kc4 {[%clk 0:00:49]} 59. Kg6
{[%clk 0:07:59]} Nd6 {[%clk 0:01:06]} 60. Kxg5 {[%clk 0:05:33]} Ne4+ {[%clk
0:01:30]} 61. Kh4 {[%clk 0:05:29]} Kd4 {[%clk 0:01:31]} 62. Ne6+ {[%clk 0:05:40]}
Ke5 {[%clk 0:01:28]} 63. Ng7 {[%clk 0:05:58]} Nd2 {[%clk 0:00:31]} 64. Kxh5
{[%clk 0:05:19]} Ne4 {[%clk 0:00:43]} 65. Kh4 {[%clk 0:05:11]} Kf6 {[%clk
0:00:48]} 66. Nh5+ {[%clk 0:05:19]} Kg6 {[%clk 0:00:49]} 67. g4 {[%clk 0:05:21]}
Kh6 {[%clk 0:00:46]} 68. Ng3 {[%clk 0:04:40]} Nf2 {[%clk 0:00:43]} 69. Nf5+
{[%clk 0:04:56]} Kg6 {[%clk 0:01:12]} 70. Kg3 {[%clk 0:05:19]} Ne4+ {[%clk
0:01:38]} 71. Kf4 {[%clk 0:05:38]} Nf6 {[%clk 0:01:30]} 72. h4 {[%clk 0:05:43]}
Nd5+ {[%clk 0:01:52]} 73. Kf3 {[%clk 0:05:36]} Nf6 {[%clk 0:02:13]} 74. Ng3
{[%clk 0:05:46]} Nd5 {[%clk 0:02:25]} 75. g5 {[%clk 0:05:38]} Ne7 {[%clk
0:02:22]} 76. Kg4 {[%clk 0:06:00]} Kh7 {[%clk 0:02:45]} 77. h5 {[%clk 0:06:16]}
Kg8 {[%clk 0:03:06]} 78. g6 {[%clk 0:06:05]} Kh8 {[%clk 0:03:14]} 79. Kg5 {[%clk
0:06:08]} Kg8 {[%clk 0:03:33]} 80. Ne4 {[%clk 0:05:39]} Kh8 {[%clk 0:03:52]} 81.
h6 {[%clk 0:05:36]} 1-0

[Event "Irena Warakomska Memorial A"]
[Site "Suwalki"]
[Date "2021.07.28"]
[Round "2"]
[White "Kiolbasa, Oliwia"]
[Black "Szpar, Milosz"]
[Result "1/2-1/2"]
[Board "10"]
[WhiteElo "2255"]
[WhiteTitle "WIM"]
[WhiteCountry "POL"]
[WhiteFideId "1154613"]
[WhiteEloChange "4"]
[BlackElo "2392"]
[BlackTitle "FM"]
[BlackCountry "POL"]
[BlackFideId "1184989"]
[BlackEloChange "-4"]

1. e4 {[%clk 1:30:34]} c5 {[%clk 1:30:37]} 2. Nf3 {[%clk 1:30:54]} Nc6 {[%clk
1:30:44]} 3. d4 {[%clk 1:31:08]} cxd4 {[%clk 1:31:06]} 4. Nxd4 {[%clk 1:31:32]}
Nf6 {[%clk 1:30:02]} 5. Nc3 {[%clk 1:31:42]} d6 {[%clk 1:29:46]} 6. Bb5 {[%clk
1:30:58]} Bd7 {[%clk 1:28:23]} 7. Bg5 {[%clk 1:30:54]} Qb6 {[%clk 1:23:21]} 8.
Bxf6 {[%clk 1:29:22]} gxf6 {[%clk 1:23:01]} 9. Nf5 {[%clk 1:22:57]} a6 {[%clk
1:19:35]} 10. Nd5 {[%clk 1:12:59]} Qd8 {[%clk 1:01:11]} 11. Bxc6 {[%clk 1:02:06]}
bxc6 {[%clk 1:01:29]} 12. Nde3 {[%clk 1:02:04]} Rb8 {[%clk 0:54:13]} 13. O-O
{[%clk 0:57:52]} Rxb2 {[%clk 0:53:24]} 14. Qd4 {[%clk 0:47:20]} Qb8 {[%clk
0:46:49]} 15. Nc4 {[%clk 0:43:43]} Rb5 {[%clk 0:42:18]} 16. a4 {[%clk 0:40:15]}
Rb4 {[%clk 0:35:58]} 17. c3 {[%clk 0:36:30]} Rb7 {[%clk 0:34:16]} 18. Rfe1 {[%clk
0:30:14]} Rg8 {[%clk 0:30:50]} 19. a5 {[%clk 0:25:08]} c5 {[%clk 0:27:18]} 20.
Qd2 {[%clk 0:23:44]} Bc6 {[%clk 0:23:19]} 21. Rad1 {[%clk 0:23:35]} Ba4 {[%clk
0:20:11]} 22. Ra1 {[%clk 0:23:48]} Bc6 {[%clk 0:20:06]} 23. Rad1 {[%clk 0:14:29]}
Ba4 {[%clk 0:19:12]} 24. Ra1 {[%clk 0:14:27]} 1/2-1/2

[Event "Irena Warakomska Memorial A"]
[Site "Suwalki"]
[Date "2021.07.28"]
[Round "2"]
[White "Lukasiewicz, Krzysztof"]
[Black "Pacuszka, Tomasz"]
[Result "1-0"]
[Board "11"]
[WhiteElo "2359"]
[WhiteTitle "FM"]
[WhiteCountry "POL"]
[WhiteFideId "1166042"]
[WhiteEloChange "5"]
[BlackElo "2184"]
[BlackTitle "FM"]
[BlackCountry "POL"]
[BlackFideId "1119036"]
[BlackEloChange "-5"]

1. e4 {[%clk 1:30:56]} c6 {[%clk 1:30:54]} 2. d4 {[%clk 1:30:23]} d5 {[%clk
1:31:16]} 3. e5 {[%clk 1:23:40]} Bf5 {[%clk 1:31:31]} 4. Nf3 {[%clk 1:24:06]} e6
{[%clk 1:31:55]} 5. Be2 {[%clk 1:24:33]} c5 {[%clk 1:32:16]} 6. Be3 {[%clk
1:24:58]} Qb6 {[%clk 1:32:23]} 7. Nc3 {[%clk 1:24:08]} c4 {[%clk 1:14:00]} 8. Rb1
{[%clk 1:14:06]} Bb4 {[%clk 1:12:19]} 9. O-O {[%clk 1:13:23]} Bxc3 {[%clk
1:11:33]} 10. bxc3 {[%clk 1:13:49]} Qa6 {[%clk 1:11:49]} 11. Nh4 {[%clk 1:10:42]}
Bg6 {[%clk 1:11:36]} 12. f4 {[%clk 0:51:54]} Ne7 {[%clk 1:11:59]} 13. g4 {[%clk
0:52:13]} Be4 {[%clk 1:12:16]} 14. Bf3 {[%clk 0:52:30]} g6 {[%clk 1:09:17]} 15.
f5 {[%clk 0:30:56]} Nbc6 {[%clk 0:59:11]} 16. fxe6 {[%clk 0:27:22]} fxe6 {[%clk
0:59:17]} 17. Bxe4 {[%clk 0:27:44]} dxe4 {[%clk 0:59:24]} 18. Bd2 {[%clk
0:28:03]} O-O-O {[%clk 0:59:05]} 19. Qe2 {[%clk 0:28:17]} Qxa2 {[%clk 0:55:01]}
20. Qxe4 {[%clk 0:28:35]} Qa5 {[%clk 0:55:18]} 21. Qe2 {[%clk 0:24:52]} Qd5
{[%clk 0:50:41]} 22. Ng2 {[%clk 0:22:20]} Rdf8 {[%clk 0:48:04]} 23. Nf4 {[%clk
0:22:02]} Rxf4 {[%clk 0:48:22]} 24. Rxf4 {[%clk 0:22:21]} h5 {[%clk 0:48:17]} 25.
Rf6 {[%clk 0:17:43]} b6 {[%clk 0:47:40]} 26. Rbf1 {[%clk 0:17:16]} hxg4 {[%clk
0:42:39]} 27. Qxg4 {[%clk 0:15:38]} Kd7 {[%clk 0:42:18]} 28. Bg5 {[%clk 0:14:10]}
b5 {[%clk 0:39:39]} 29. Rf8 {[%clk 0:10:35]} Rxf8 {[%clk 0:38:30]} 30. Rxf8
{[%clk 0:11:01]} b4 {[%clk 0:38:31]} 31. Bxe7 {[%clk 0:08:31]} Nxe7 {[%clk
0:37:57]} 32. cxb4 {[%clk 0:08:21]} c3 {[%clk 0:36:38]} 33. Rf7 {[%clk 0:07:53]}
Qc4 {[%clk 0:33:56]} 34. Qe4 {[%clk 0:03:36]} Qxb4 {[%clk 0:32:34]} 35. Kg2
{[%clk 0:04:02]} Qb5 {[%clk 0:29:36]} 36. Kf2 {[%clk 0:02:42]} Qb2 {[%clk
0:25:51]} 37. Rh7 {[%clk 0:02:50]} g5 {[%clk 0:23:02]} 38. d5 {[%clk 0:02:02]}
Qb6+ {[%clk 0:21:17]} 39. Kg2 {[%clk 0:02:25]} Kd8 {[%clk 0:18:37]} 40. Rh8+
{[%clk 0:31:19]} Kd7 {[%clk 0:48:38]} 41. dxe6+ {[%clk 0:31:43]} Kc7 {[%clk
0:48:20]} 42. Rh7 {[%clk 0:28:19]} Qc5 {[%clk 0:47:59]} 43. Qa8 {[%clk 0:28:10]}
a5 {[%clk 0:46:19]} 44. Rxe7+ {[%clk 0:28:29]} Qxe7 {[%clk 0:46:29]} 45. Qa7+
{[%clk 0:28:55]} Kd8 {[%clk 0:46:41]} 46. Qb8# {[%clk 0:29:20]} 1-0

[Event "Irena Warakomska Memorial A"]
[Site "Suwalki"]
[Date "2021.07.28"]
[Round "2"]
[White "Poltorak, Sebastian"]
[Black "Nurkiewicz, Maciej"]
[Result "1/2-1/2"]
[Board "12"]
[WhiteElo "2233"]
[WhiteCountry "POL"]
[WhiteFideId "1199498"]
[WhiteEloChange "3"]
[BlackElo "2342"]
[BlackCountry "POL"]
[BlackFideId "1107046"]
[BlackEloChange "-3"]

1. d4 {[%clk 1:30:54]} Nf6 {[%clk 1:30:52]} 2. c4 {[%clk 1:31:18]} e6 {[%clk
1:31:07]} 3. Nc3 {[%clk 1:31:43]} Bb4 {[%clk 1:31:28]} 4. Qc2 {[%clk 1:32:03]}
O-O {[%clk 1:31:46]} 5. Nf3 {[%clk 1:30:23]} d5 {[%clk 1:31:33]} 6. cxd5 {[%clk
1:29:50]} exd5 {[%clk 1:29:26]} 7. Bg5 {[%clk 1:26:33]} Nbd7 {[%clk 1:09:07]} 8.
e3 {[%clk 1:25:32]} Re8 {[%clk 1:04:37]} 9. Bd3 {[%clk 1:22:37]} h6 {[%clk
1:04:40]} 10. Bh4 {[%clk 1:22:31]} c6 {[%clk 0:56:50]} 11. O-O {[%clk 1:10:49]}
Bd6 {[%clk 0:56:54]} 12. e4 {[%clk 1:02:45]} dxe4 {[%clk 0:56:42]} 13. Nxe4
{[%clk 1:03:10]} Be7 {[%clk 0:56:29]} 14. Nc3 {[%clk 0:49:05]} Nb6 {[%clk
0:55:19]} 15. Rfe1 {[%clk 0:46:23]} Nbd5 {[%clk 0:43:35]} 16. a3 {[%clk 0:40:23]}
Be6 {[%clk 0:41:07]} 17. Bg3 {[%clk 0:35:19]} Bd6 {[%clk 0:21:00]} 18. Ne5 {[%clk
0:30:42]} Nh5 {[%clk 0:15:51]} 19. Bh7+ {[%clk 0:29:56]} Kh8 {[%clk 0:09:09]} 20.
Bf5 {[%clk 0:28:57]} Bxe5 {[%clk 0:07:06]} 21. Bxe5 {[%clk 0:20:10]} Nxc3 {[%clk
0:07:03]} 22. bxc3 {[%clk 0:19:39]} Qg5 {[%clk 0:07:09]} 23. Be4 {[%clk 0:18:01]}
f6 {[%clk 0:05:17]} 24. Bg3 {[%clk 0:16:59]} Nxg3 {[%clk 0:02:49]} 25. hxg3
{[%clk 0:16:53]} Bf7 {[%clk 0:02:32]} 26. Bd3 {[%clk 0:14:57]} Qa5 {[%clk
0:01:17]} 27. Qb2 {[%clk 0:13:01]} Qc7 {[%clk 0:01:01]} 1/2-1/2

[Event "Irena Warakomska Memorial A"]
[Site "Suwalki"]
[Date "2021.07.28"]
[Round "2"]
[White "Sowul, Bartosz"]
[Black "Goluch, Piotr"]
[Result "0-1"]
[Board "13"]
[WhiteElo "2186"]
[WhiteCountry "POL"]
[WhiteFideId "1137590"]
[WhiteEloChange "-6"]
[BlackElo "2333"]
[BlackTitle "IM"]
[BlackCountry "POL"]
[BlackFideId "1137840"]
[BlackEloChange "6"]

1. d4 {[%clk 1:30:57]} Nf6 {[%clk 1:30:52]} 2. Nf3 {[%clk 1:31:18]} e6 {[%clk
1:31:13]} 3. g3 {[%clk 1:31:41]} b6 {[%clk 1:30:56]} 4. Bg2 {[%clk 1:32:04]} Bb7
{[%clk 1:31:21]} 5. O-O {[%clk 1:32:28]} c5 {[%clk 1:31:19]} 6. c4 {[%clk
1:30:20]} cxd4 {[%clk 1:31:25]} 7. Qxd4 {[%clk 1:29:59]} Nc6 {[%clk 1:29:40]} 8.
Qf4 {[%clk 1:26:07]} Be7 {[%clk 1:19:47]} 9. Nc3 {[%clk 1:23:07]} O-O {[%clk
1:19:58]} 10. Rd1 {[%clk 1:22:13]} a6 {[%clk 1:10:16]} 11. e4 {[%clk 1:15:00]} d6
{[%clk 1:10:24]} 12. b3 {[%clk 1:13:01]} Nd7 {[%clk 1:05:03]} 13. Ba3 {[%clk
0:58:16]} Nc5 {[%clk 0:55:35]} 14. Qe3 {[%clk 0:55:01]} Qc7 {[%clk 0:52:27]} 15.
Rac1 {[%clk 0:53:55]} Ne5 {[%clk 0:49:54]} 16. Ne1 {[%clk 0:46:31]} Rac8 {[%clk
0:40:04]} 17. h3 {[%clk 0:40:04]} Qb8 {[%clk 0:40:28]} 18. Kh2 {[%clk 0:31:08]}
Rfe8 {[%clk 0:40:25]} 19. f4 {[%clk 0:26:18]} Nc6 {[%clk 0:40:50]} 20. Qf2 {[%clk
0:25:38]} Red8 {[%clk 0:37:37]} 21. Nc2 {[%clk 0:22:01]} Bf6 {[%clk 0:37:51]} 22.
Ne3 {[%clk 0:21:52]} Bxc3 {[%clk 0:23:56]} 23. Rxc3 {[%clk 0:22:13]} Ne7 {[%clk
0:24:23]} 24. f5 {[%clk 0:11:20]} Nxe4 {[%clk 0:24:47]} 25. Bxe4 {[%clk 0:10:41]}
Bxe4 {[%clk 0:25:13]} 26. f6 {[%clk 0:07:59]} Ng6 {[%clk 0:25:39]} 27. fxg7
{[%clk 0:06:22]} f5 {[%clk 0:22:24]} 28. Ng2 {[%clk 0:03:29]} d5 {[%clk 0:16:37]}
29. Nf4 {[%clk 0:02:22]} dxc4 {[%clk 0:14:21]} 30. Rxd8+ {[%clk 0:01:00]} Rxd8
{[%clk 0:14:47]} 31. Rxc4 {[%clk 0:01:06]} Ne5 {[%clk 0:13:53]} 32. Rxe4 {[%clk
0:00:38]} fxe4 {[%clk 0:14:14]} 33. Qe3 {[%clk 0:00:32]} Nf3+ {[%clk 0:12:04]}
34. Kg2 {[%clk 0:00:53]} Qe5 {[%clk 0:12:07]} 35. g4 {[%clk 0:00:32]} Rd2+ {[%clk
0:12:12]} 36. Kg3 {[%clk 0:00:42]} Qg5 {[%clk 0:10:34]} 37. Qxe4 {[%clk 0:00:32]}
Qh4+ {[%clk 0:11:00]} 38. Kxf3 {[%clk 0:00:58]} Qf2# {[%clk 0:11:25]} 0-1

[Event "Irena Warakomska Memorial A"]
[Site "Suwalki"]
[Date "2021.07.28"]
[Round "2"]
[White "Renkowski, Piotr"]
[Black "Klimkowski, Jan"]
[Result "1/2-1/2"]
[Board "14"]
[WhiteElo "2150"]
[WhiteCountry "POL"]
[WhiteFideId "1114166"]
[WhiteEloChange "5"]
[BlackElo "2322"]
[BlackTitle "FM"]
[BlackCountry "POL"]
[BlackFideId "21856222"]
[BlackEloChange "-5"]

1. e4 {[%clk 1:30:59]} c5 {[%clk 1:30:56]} 2. Nf3 {[%clk 1:31:23]} d6 {[%clk
1:31:20]} 3. d4 {[%clk 1:31:56]} cxd4 {[%clk 1:31:41]} 4. Nxd4 {[%clk 1:32:24]}
Nf6 {[%clk 1:32:04]} 5. Nc3 {[%clk 1:33:21]} a6 {[%clk 1:32:27]} 6. Be3 {[%clk
1:33:49]} e5 {[%clk 1:32:50]} 7. Nb3 {[%clk 1:34:15]} Be6 {[%clk 1:33:11]} 8. Qd2
{[%clk 1:34:32]} Nbd7 {[%clk 1:30:20]} 9. O-O-O {[%clk 1:27:37]} Rc8 {[%clk
1:29:02]} 10. Kb1 {[%clk 1:20:37]} b5 {[%clk 1:27:48]} 11. f3 {[%clk 1:25:29]} h5
{[%clk 1:29:28]} 12. Nd5 {[%clk 1:23:31]} Bxd5 {[%clk 1:29:51]} 13. exd5 {[%clk
1:24:00]} Nb6 {[%clk 1:30:15]} 14. Bxb6 {[%clk 1:22:54]} Qxb6 {[%clk 1:30:40]}
15. Bd3 {[%clk 1:01:18]} g6 {[%clk 1:29:16]} 16. Qa5 {[%clk 0:50:34]} Nd7 {[%clk
1:18:01]} 17. h3 {[%clk 0:39:00]} Bh6 {[%clk 1:11:37]} 18. g4 {[%clk 0:35:26]} h4
{[%clk 1:08:43]} 19. Rhe1 {[%clk 0:32:23]} O-O {[%clk 1:07:21]} 20. Qb4 {[%clk
0:28:56]} Bf4 {[%clk 0:58:27]} 21. Na5 {[%clk 0:27:38]} Rc5 {[%clk 0:52:04]} 22.
Nc6 {[%clk 0:24:30]} Qc7 {[%clk 0:50:37]} 23. g5 {[%clk 0:16:24]} Kg7 {[%clk
0:43:51]} 24. Be4 {[%clk 0:15:31]} Nb6 {[%clk 0:29:54]} 25. Rg1 {[%clk 0:14:52]}
Rc8 {[%clk 0:25:43]} 26. Qe1 {[%clk 0:13:24]} Bg3 {[%clk 0:24:58]} 27. Rxg3
{[%clk 0:12:27]} hxg3 {[%clk 0:25:22]} 28. Qxg3 {[%clk 0:12:57]} Rh8 {[%clk
0:22:48]} 29. f4 {[%clk 0:12:34]} Nxd5 {[%clk 0:13:26]} 30. Bxd5 {[%clk 0:12:39]}
Rxd5 {[%clk 0:13:51]} 31. Rxd5 {[%clk 0:13:04]} Qxc6 {[%clk 0:14:17]} 32. Rd1
{[%clk 0:12:33]} Rc8 {[%clk 0:10:47]} 33. Rc1 {[%clk 0:09:10]} Qe4 {[%clk
0:08:51]} 34. fxe5 {[%clk 0:09:33]} Qxe5 {[%clk 0:07:40]} 35. Qg2 {[%clk
0:09:31]} Rc4 {[%clk 0:06:56]} 36. b3 {[%clk 0:08:20]} Re4 {[%clk 0:03:54]} 37.
Rf1 {[%clk 0:05:11]} Re1+ {[%clk 0:03:27]} 38. Rxe1 {[%clk 0:05:36]} Qxe1+ {[%clk
0:03:54]} 39. Kb2 {[%clk 0:06:06]} Qe5+ {[%clk 0:04:12]} 40. Kb1 {[%clk 0:35:02]}
b4 {[%clk 0:34:15]} 41. Qg4 {[%clk 0:32:42]} a5 {[%clk 0:34:35]} 42. h4 {[%clk
0:32:00]} d5 {[%clk 0:34:52]} 43. h5 {[%clk 0:31:12]} d4 {[%clk 0:33:47]} 44. h6+
{[%clk 0:25:01]} Kh7 {[%clk 0:34:11]} 45. Qg2 {[%clk 0:23:20]} Qe1+ {[%clk
0:31:35]} 1/2-1/2

[Event "Irena Warakomska Memorial A"]
[Site "Suwalki"]
[Date "2021.07.28"]
[Round "2"]
[White "Nowak, Mikolaj"]
[Black "Backiel, Hubert"]
[Result "1-0"]
[Board "15"]
[WhiteElo "2310"]
[WhiteCountry "POL"]
[WhiteFideId "1191365"]
[WhiteEloChange "2"]
[BlackElo "1955"]
[BlackCountry "POL"]
[BlackFideId "21838631"]
[BlackEloChange "-2"]

1. c4 {[%clk 1:30:55]} Nf6 {[%clk 1:30:52]} 2. Nc3 {[%clk 1:31:13]} g6 {[%clk
1:31:15]} 3. d4 {[%clk 1:30:52]} Bg7 {[%clk 1:31:35]} 4. e4 {[%clk 1:31:12]} d6
{[%clk 1:31:39]} 5. Nge2 {[%clk 1:31:35]} O-O {[%clk 1:31:51]} 6. Ng3 {[%clk
1:31:59]} c5 {[%clk 1:27:10]} 7. d5 {[%clk 1:32:23]} e6 {[%clk 1:24:59]} 8. Be2
{[%clk 1:32:32]} exd5 {[%clk 1:21:14]} 9. exd5 {[%clk 1:32:54]} Re8 {[%clk
1:19:11]} 10. O-O {[%clk 1:33:15]} Nbd7 {[%clk 1:08:48]} 11. Bf4 {[%clk 1:32:16]}
Ne5 {[%clk 1:02:48]} 12. h3 {[%clk 1:32:06]} h5 {[%clk 0:52:07]} 13. Bg5 {[%clk
1:24:02]} Qb6 {[%clk 0:49:43]} 14. Qd2 {[%clk 1:08:03]} Nh7 {[%clk 0:30:50]} 15.
Bh4 {[%clk 1:07:44]} Qb4 {[%clk 0:27:20]} 16. Nge4 {[%clk 0:50:17]} Nxc4 {[%clk
0:18:47]} 17. Bxc4 {[%clk 0:45:43]} Qxc4 {[%clk 0:18:23]} 18. Nxd6 {[%clk
0:31:56]} Qxh4 {[%clk 0:18:48]} 19. Nxe8 {[%clk 0:32:14]} Bxh3 {[%clk 0:14:22]}
20. Qe3 {[%clk 0:26:38]} Bxg2 {[%clk 0:05:06]} 21. Kxg2 {[%clk 0:26:58]} Qg4+
{[%clk 0:05:30]} 22. Qg3 {[%clk 0:25:35]} Rxe8 {[%clk 0:05:12]} 23. Qxg4 {[%clk
0:25:45]} hxg4 {[%clk 0:05:40]} 24. Rfe1 {[%clk 0:24:46]} Rd8 {[%clk 0:04:14]}
25. Re7 {[%clk 0:24:04]} Ng5 {[%clk 0:01:27]} 26. Rxb7 {[%clk 0:18:36]} f5 {[%clk
0:01:45]} 27. Re1 {[%clk 0:16:56]} f4 {[%clk 0:01:32]} 28. Ree7 {[%clk 0:08:42]}
Bf6 {[%clk 0:01:33]} 29. Rxa7 {[%clk 0:07:21]} Kf8 {[%clk 0:00:54]} 30. d6 {[%clk
0:05:39]} Rxd6 {[%clk 0:01:02]} 31. Red7 {[%clk 0:05:28]} Rxd7 {[%clk 0:00:35]}
32. Rxd7 {[%clk 0:05:53]} Bxc3 {[%clk 0:00:38]} 33. bxc3 {[%clk 0:06:14]} Ne4
{[%clk 0:01:00]} 34. a4 {[%clk 0:04:25]} f3+ {[%clk 0:01:12]} 35. Kf1 {[%clk
0:04:17]} Ke8 {[%clk 0:01:10]} 36. Rd3 {[%clk 0:04:10]} c4 {[%clk 0:00:35]} 37.
Re3 {[%clk 0:04:34]} 1-0

[Event "Irena Warakomska Memorial A"]
[Site "Suwalki"]
[Date "2021.07.28"]
[Round "2"]
[White "Krawczyk, Flawian"]
[Black "Antolak, Julia"]
[Result "1-0"]
[Board "16"]
[WhiteElo "1984"]
[WhiteCountry "POL"]
[WhiteFideId "21881413"]
[WhiteEloChange "17"]
[BlackElo "2309"]
[BlackTitle "WIM"]
[BlackCountry "POL"]
[BlackFideId "1159569"]
[BlackEloChange "-17"]

1. e4 {[%clk 1:30:52]} c5 {[%clk 1:30:55]} 2. Nf3 {[%clk 1:31:12]} d6 {[%clk
1:31:20]} 3. d4 {[%clk 1:31:37]} cxd4 {[%clk 1:31:44]} 4. Nxd4 {[%clk 1:32:01]}
Nf6 {[%clk 1:32:09]} 5. f3 {[%clk 1:32:26]} e5 {[%clk 1:31:54]} 6. Nb3 {[%clk
1:32:02]} d5 {[%clk 1:31:40]} 7. Bg5 {[%clk 1:32:22]} d4 {[%clk 1:31:44]} 8. c3
{[%clk 1:32:40]} Nc6 {[%clk 1:31:48]} 9. cxd4 {[%clk 1:31:56]} Bb4+ {[%clk
1:30:44]} 10. Bd2 {[%clk 1:32:09]} Nxe4 {[%clk 1:18:13]} 11. Bxb4 {[%clk
1:31:44]} Qh4+ {[%clk 1:15:22]} 12. g3 {[%clk 1:32:10]} Nxg3 {[%clk 1:15:35]} 13.
hxg3 {[%clk 1:32:35]} Qxh1 {[%clk 1:16:00]} 14. Bc3 {[%clk 1:27:27]} Bh3 {[%clk
1:14:14]} 15. Qe2 {[%clk 1:20:25]} O-O-O {[%clk 1:03:57]} 16. d5 {[%clk 1:19:57]}
Nd4 {[%clk 0:42:28]} 17. Bxd4 {[%clk 1:19:24]} exd4 {[%clk 0:42:53]} 18. Qc4+
{[%clk 1:19:51]} Kb8 {[%clk 0:42:30]} 19. N1d2 {[%clk 1:20:15]} Rhe8+ {[%clk
0:41:31]} 20. Kd1 {[%clk 1:20:38]} Rc8 {[%clk 0:33:17]} 21. Qd3 {[%clk 1:18:27]}
Bxf1 {[%clk 0:21:57]} 22. Qxf1 {[%clk 1:18:32]} Qh5 {[%clk 0:21:59]} 23. d6
{[%clk 1:16:45]} Qd5 {[%clk 0:22:03]} 24. Qf2 {[%clk 0:59:17]} Qxd6 {[%clk
0:18:56]} 25. Ne4 {[%clk 0:58:10]} Qh6 {[%clk 0:19:03]} 26. g4 {[%clk 0:57:48]}
Qf4 {[%clk 0:15:56]} 27. Nbd2 {[%clk 0:52:17]} Ka8 {[%clk 0:15:29]} 28. a4 {[%clk
0:45:38]} Qc7 {[%clk 0:11:44]} 29. b3 {[%clk 0:25:44]} d3 {[%clk 0:08:32]} 30.
Nc4 {[%clk 0:25:51]} Qf4 {[%clk 0:08:43]} 31. Ra2 {[%clk 0:21:33]} Re6 {[%clk
0:07:13]} 32. a5 {[%clk 0:19:20]} Rce8 {[%clk 0:03:30]} 33. Rd2 {[%clk 0:12:36]}
Rh6 {[%clk 0:03:24]} 34. Kc1 {[%clk 0:12:40]} Rh1+ {[%clk 0:02:43]} 35. Kb2
{[%clk 0:13:05]} Rh3 {[%clk 0:03:00]} 36. Ned6 {[%clk 0:12:26]} Re2 {[%clk
0:01:11]} 37. Rxe2 {[%clk 0:12:41]} dxe2 {[%clk 0:01:40]} 38. Qc5 {[%clk
0:12:09]} Qf6+ {[%clk 0:02:02]} 39. Ka2 {[%clk 0:12:20]} Qd8 {[%clk 0:00:55]} 40.
a6 {[%clk 0:42:47]} Kb8 {[%clk 0:30:37]} 41. axb7 {[%clk 0:43:08]} Qc7 {[%clk
0:29:36]} 42. Qe5 {[%clk 0:43:30]} e1=Q {[%clk 0:28:34]} 43. Qxe1 {[%clk
0:43:58]} Rh2+ {[%clk 0:28:59]} 44. Ka1 {[%clk 0:44:18]} Qc6 {[%clk 0:26:55]} 45.
Qa5 {[%clk 0:44:03]} Rh1+ {[%clk 0:22:16]} 46. Kb2 {[%clk 0:44:28]} Qd7 {[%clk
0:21:37]} 47. Qc5 {[%clk 0:43:55]} Qc7 {[%clk 0:19:25]} 48. Qf5 {[%clk 0:44:15]}
Rh2+ {[%clk 0:18:41]} 49. Ka3 {[%clk 0:44:41]} 1-0